Epistolario de Don Diego Portales 1821-1837.

Zapisane w:
Opis bibliograficzny
1. autor: Cruz, Ernesto de la (autor, recopilación, notas, t.I, t.II, t.III)
Kolejni autorzy: Feliú Cruz, Guillermo (prólogo, nuevas cartas recopiladas y anotadas, t.I, t.II, t.III)
Format: Książka
Język:hiszpański
Wydane: Santiago, Chile: Ministerio de Justicia, 1936-1937.
Hasła przedmiotowe:
Etykiety: Dodaj etykietę
Nie ma etykietki, Dołącz pierwszą etykiete!

MARC

LEADER 00000nam a2200000 a 4500
001 UCP8504
003 CL-VaPUC
005 20241001100057.0
008 000303e19360000CL |||||||||||||||||spa|d
999 |c 285397  |d 285395 
040 |c Pontificia Universidad Católica de Valparaíso 
082 0 4 |a Ch866 CRU 1936 (t.I)  |2 21 
082 0 4 |a Ch866 CRU 1937 (t.II)  |2 21 
082 0 4 |a Ch866 CRU 1937 (t.III)  |2 21 
100 0 |a Cruz, Ernesto de la  |e autor  |9 438503 
245 1 0 |a Epistolario de Don Diego Portales 1821-1837. 
260 |a Santiago, Chile:  |b Ministerio de Justicia,  |c 1936-1937. 
300 |a 3 Tomos. 
500 |a c.3 Tomo I: Donación Familia Prof. Alejandro Guzmán Brito. c.3 Tomo II: Donación Familia Prof. Alejandro Guzmán Brito. c.3 Tomo III: Donación Familia Prof. Alejandro Guzmán Brito. 
505 |a t.I:1821-1832. t.II: 1832-1834. t.III: 1834-1837. 
583 |a last modification  |c 20000303 00:00:00  |k Rodrigo Vera 
600 0 |a Portales y Palazuelos, Diego   |9 436961 
600 0 7 |a Benavente, Diego José  |2 CL-VaPUC  |9 315177 
600 0 |a Feliú Cruz, Guillermo  |e autor  |9 392726 
650 0 |a Cartas  |9 321777 
650 0 |a Epístolas  |9 321181 
650 0 |a Correspondencia  |9 258963 
650 0 |a Fuentes Históricas  |9 265141  |z Chile 
700 |a Cruz, Ernesto de la  |e recopilación  |e notas  |e t.I  |e t.II  |e t.III  |9 438504 
700 |a Feliú Cruz, Guillermo  |9 375429  |e prólogo   |e nuevas cartas recopiladas y anotadas  |e t.I  |e t.II  |e t.III 
942 |c BK  |2 ddc  |n 0 
945 |d 20000303 00:00:00  |a rherrera 
952 |0 0  |1 0  |4 0  |6 CH_866_000000000000000_CRU_1936  |7 0  |8 X  |9 329999  |a BIBHIS  |b BIBHIS  |d 2019-11-20  |h v.1  |i 1375970  |o Ch866 CRU 1936  |p 1375970  |r 2024-01-30  |w 2019-11-20  |y BK_X  |k HIS 
952 |0 0  |1 0  |4 0  |6 CH_866_000000000000000_CRU_1936  |7 0  |8 X  |9 330000  |a BIBHIS  |b BIBHIS  |d 2019-11-20  |h v.3  |i 1375954  |o Ch866 CRU 1936  |p 1375954  |r 2019-11-20  |w 2019-11-20  |y BK_X  |k HIS 
952 |0 0  |1 0  |4 0  |6 CH_866_000000000000000_CRU_1936  |7 0  |8 X  |9 330001  |a BIBHIS  |b BIBHIS  |d 2019-11-20  |h v.2  |i 1375997  |o Ch866 CRU 1936  |p 1375997  |r 2024-01-30  |w 2019-11-20  |y BK_X  |k HIS 
952 |0 0  |1 0  |4 0  |6 CH_866_000000000000000_CRU_1936  |7 0  |8 X  |9 330002  |a BIBHIS  |b BIBHIS  |d 2019-11-20  |h v.3  |i 1375989  |o Ch866 CRU 1936  |p 1375989  |r 2024-01-30  |w 2019-11-20  |y BK_X  |k HIS 
952 |0 0  |1 0  |4 0  |6 CH_866_000000000000000_CRU_1936  |7 0  |8 X  |9 330003  |a BIBHIS  |b BIBHIS  |d 2019-11-20  |h v.2  |i 1250698  |o Ch866 CRU 1936  |p 1250698  |r 2019-11-20  |w 2019-11-20  |y BK_X  |k HIS 
952 |0 0  |1 0  |4 0  |6 CH_866_000000000000000_CRU_1936  |7 0  |8 X  |9 330004  |a FDOBUD  |b FDOBUD  |d 2019-11-20  |h v.1  |i 1029061  |o Ch866 CRU 1936  |p 1029061  |r 2019-11-20  |w 2019-11-20  |y BK_X  |k BUD